000 00460nam a2200169 a 4500
001 16498
005 20180713205440.0
008 140415s1991 mx 000 0 spa d
020 _a966078878
041 _aspa
082 _a379.248
_bDEF
245 0 0 _aDEFICITS EDUCATIVOS EN AMERICA LATINA
250 _a1a ed.
260 _aMEXICO :
_bCREFAL,
_c1991
300 _a677
650 1 4 _aANALFABETISMO
_xAMERICA LATINA
_xEDUCACION.AMERICA LATINA
999 _c16498
_d16498